000
00250nam a2200097Ia 4500
008
240331s9999 xx 000 0 und d
082
_b
SIV
100
_a
Sivathamby , K
245
0
_a
Thiravida iyakkak karuththu nilaiyin inraya poruththappadu
942
_c
L
999
_c
4192
_d
4192